| 000 | 01423cam a22002891i 4500 | ||
|---|---|---|---|
| 003 | SA-RiAUC | ||
| 005 | 20250523152120.0 | ||
| 008 | 250520s1988 le g 00000 ara c | ||
| 040 |
_aSA-RiKSU _bara _cSA-RiAUC _erda |
||
| 082 | 0 | 4 |
_a251 _qSA-RiAUC |
| 090 |
_a251 _b ص ن ع |
||
| 100 | 1 |
_aالصنعاني، محمد بن إسماعيل بن صلاح، _d1099-1182 هجري _eمؤلف. |
|
| 245 | 1 | 0 |
_aأصول الفقه، المسمى، إجابة السائل : _bشرح بغية الآمل / _cمحمد بن إسماعيل الأمير الصنعاني ؛ تحقيق حسين بن أحمد السياغي، حسن محمد مقبولي الأهدل. |
| 246 | 3 | 3 | _aإجابة السائل شرح بغية الآمل |
| 250 | _aالطبعة الثانية. | ||
| 264 | 1 |
_aبيروت : _aصنعاء : _bمؤسسة الرسالة ؛ _bمكتبة الجيل الجديد، _c1988 |
|
| 300 |
_a445 صفحة ؛ _c24 سم |
||
| 336 |
_aنص _btxt _2rdacontent _3كتاب |
||
| 337 |
_aبدون وسيط _bn _2rdamedia |
||
| 338 |
_aمجلد _bnc _2rdacarrier |
||
| 650 | 7 |
_aأصول الفقه الإسلامي _2aucsh |
|
| 700 | 1 |
_aالسياغي، الحسين بن أحمد بن الحسين، _d1180-1221 هجري _eمحقق. |
|
| 700 | 1 |
_aالأهدل، حسن محمد مقبولي، _d1955-2015 _eمحقق. |
|
| 740 | 0 | _aبغية الآمل. | |
| 942 |
_2ddc _cBOOK _n0 |
||
| 949 |
_aSA-JeALM _d250520 _umohamedma123 _n1 |
||
| 999 |
_c8281 _d8281 |
||